| 000 | 01144nas a2200313 4500 | ||
|---|---|---|---|
| 001 | BR8801153 | ||
| 003 | BR-BrBNA | ||
| 005 | 20231205091047.0 | ||
| 007 | ta | ||
| 008 | 230509b bl.|||p| |||| 00| 00por d | ||
| 040 |
_aBR-BrBNA _bpor _cBiblioteca Nacional de Agricultura |
||
| 041 | _a(Pt) | ||
| 072 | _aP36 | ||
| 100 | 1 | _aNunes Filho, J. | |
| 100 | 1 | _aSousa, A.R. de | |
| 100 | 1 | _aMafra, R.C. | |
| 100 | 1 | _aJacques, F. de O. | |
| 245 | 1 | _aEfeito do preparo do solo sobre as perdas por erosao e producao de milho num podzolico vermelho-amarelo eutrofico de Serra Talhada - Pernambuco | |
| 246 | 1 | _aEffect of soil tillage on the losses by erosion and maize yields in an entrophic red-yellow podzolic soil, Serra Talhada, state of Pernambuco, Brazil | |
| 650 | _aMILHO | ||
| 650 | _aEROSAO DO SOLO | ||
| 650 | _aCONSERVACAO DO SOLO | ||
| 650 | _aSERRA TALHADA | ||
| 650 | _aPODZOLICO VERMELHO AMARELO | ||
| 650 | _aPERNAMBUCO | ||
| 773 | 0 |
_tRevista Brasileira de Ciencia do Solo (Brazil) _xISSN 0100-0683 _g(May-Aug 1987), v. 11(2) p. 183-186 _wBR8801153 |
|
| 909 |
_a202311 _bLúcia _c55 _dLúcia Elande |
||
| 942 |
_2AGRIS _n0 _cANA |
||
| 999 |
_c122486 _d122486 |
||